Greek Etymologies - Statistics

General Stats
  • This quiz has been taken 22 times
  • The average score is 6 of 15
Answer Stats
etymology Answer % Correct
fear of spiders arachnophobia
100%
science of life biology
84%
six-corners hexagon
74%
fire-madness pyromania
63%
star-law astronomy
47%
small speaker microphone
47%
painful longing for returning home nostalgia
37%
fraternal love Philadelphia
37%
far distance observer telescope
37%
water-creator hydrogen
26%
light writing photography
21%
flat foot platypus
16%
collection of flowers anthology
11%
road towards cathode
5%
putting together synthesis
5%
No matching quizzes found
Score Distribution
Percent of People with Each Score
Percentile by Number Answered
Your Score History
You have not taken this quiz